<?xml version="1.0" encoding="UTF-8"?>
<record
    xmlns:xsi="http://www.w3.org/2001/XMLSchema-instance"
    xsi:schemaLocation="http://www.loc.gov/MARC21/slim http://www.loc.gov/standards/marcxml/schema/MARC21slim.xsd"
    xmlns="http://www.loc.gov/MARC21/slim">

  <leader>00616nam a2200133Ia 4500</leader>
  <controlfield tag="008">100328s9999    xx            000 0 und d</controlfield>
  <datafield tag="082" ind1=" " ind2=" ">
    <subfield code="b">67916</subfield>
  </datafield>
  <datafield tag="100" ind1=" " ind2=" ">
    <subfield code="a">&#x920;&#x93E;&#x915;&#x942;&#x930; &#x905;&#x91C;&#x93F;&#x924;-&#x905;&#x928;&#x941;.(&#x92E;&#x942;&#x933; &#x932;&#x947;&#x916;&#x915;-&#x92E;&#x93E;&#x930;&#x94D;&#x915; &#x91F;&#x941;&#x932;&#x940;).</subfield>
  </datafield>
  <datafield tag="245" ind1=" " ind2=" ">
    <subfield code="a">&#x907;&#x902;&#x921;&#x93F;&#x92F;&#x93E; &#x907;&#x928; &#x938;&#x94D;&#x932;&#x94B; &#x92E;&#x94B;&#x936;&#x928;. (India In Slow Motion).</subfield>
  </datafield>
  <datafield tag="260" ind1=" " ind2=" ">
    <subfield code="b">&#x92E;&#x947;&#x939;&#x924;&#x93E; &#x92A;&#x92C;&#x94D;&#x932;&#x93F;&#x936;&#x93F;&#x902;&#x917; &#x939;&#x93E;&#x90A;&#x938;.</subfield>
  </datafield>
  <datafield tag="630" ind1=" " ind2=" ">
    <subfield code="a">&#x907;&#x902;&#x921;&#x93F;&#x92F;&#x93E; &#x907;&#x928; &#x938;&#x94D;&#x932;&#x94B; &#x92E;&#x94B;&#x936;&#x928;. (India In Slow Motion).</subfield>
  </datafield>
  <datafield tag="730" ind1=" " ind2=" ">
    <subfield code="a">&#x907;&#x902;&#x921;&#x93F;&#x92F;&#x93E; &#x907;&#x928; &#x938;&#x94D;&#x932;&#x94B; &#x92E;&#x94B;&#x936;&#x928;. (India In Slow Motion).</subfield>
  </datafield>
  <datafield tag="942" ind1=" " ind2=" ">
    <subfield code="c">BOOK</subfield>
  </datafield>
  <datafield tag="999" ind1=" " ind2=" ">
    <subfield code="c">553655</subfield>
    <subfield code="d">553652</subfield>
  </datafield>
  <datafield tag="952" ind1=" " ind2=" ">
    <subfield code="0">0</subfield>
    <subfield code="1">0</subfield>
    <subfield code="4">0</subfield>
    <subfield code="7">0</subfield>
    <subfield code="a">RNV</subfield>
    <subfield code="b">RNV</subfield>
    <subfield code="d">2010-03-28</subfield>
    <subfield code="l">0</subfield>
    <subfield code="p">RNV-67916</subfield>
    <subfield code="r">2010-03-28 00:00:00</subfield>
    <subfield code="w">2010-03-28</subfield>
    <subfield code="y">BOOK</subfield>
  </datafield>
</record>
